Development and the private sector : (Record no. 168035)

MARC details
000 -LEADER
fixed length control field 00887cam a22002774a 4500
008 - FIXED-LENGTH DATA ELEMENTS--GENERAL INFORMATION
fixed length control field
020 ## - INTERNATIONAL STANDARD BOOK NUMBER
International Standard Book Number 9781565492189 (pbk.)
049 ## - LOCAL HOLDINGS (OCLC)
Holding library MAIN
090 ## - LOCALLY ASSIGNED LC-TYPE CALL NUMBER (OCLC); LOCAL CALL NUMBER (RLIN)
Classification number (OCLC) (R) ; Classification number, CALL (RLIN) (NR) HD82
Local cutter number (OCLC) ; Book number/undivided call number, CALL (RLIN) DEV
003 - CONTROL NUMBER IDENTIFIER
control field
005 - DATE AND TIME OF LATEST TRANSACTION
control field 20230123141123.0
040 ## - CATALOGING SOURCE
Transcribing agency NUST
245 00 - TITLE STATEMENT
Title Development and the private sector :
Remainder of title consuming interests /
Statement of responsibility, etc. edited by Deborah Eade and John Sayer.
260 ## - PUBLICATION, DISTRIBUTION, ETC.
Place of publication, distribution, etc. Bloomfield, CT :
Name of publisher, distributor, etc. Kumarian Press,
Date of publication, distribution, etc. 2006.
300 ## - PHYSICAL DESCRIPTION
Extent xii, 312 p. ;
Dimensions 23 cm.
440 #2 - SERIES STATEMENT/ADDED ENTRY--TITLE
Title Development in practice;
Volume/sequential designation no. 15
500 ## - GENERAL NOTE
General note Includes index.
504 ## - BIBLIOGRAPHY, ETC. NOTE
Bibliography, etc. note Includes bibliographical references.
650 #0 - SUBJECT ADDED ENTRY--TOPICAL TERM
Topical term or geographic name entry element Social responsibility of business.
650 #0 - SUBJECT ADDED ENTRY--TOPICAL TERM
Topical term or geographic name entry element Developing countries
General subdivision Economic conditions.
650 #0 - SUBJECT ADDED ENTRY--TOPICAL TERM
Topical term or geographic name entry element Globalization.
700 1# - ADDED ENTRY--PERSONAL NAME
Personal name Eade, Deborah.
700 1# - ADDED ENTRY--PERSONAL NAME
Personal name Sayer, John.
907 ## - LOCAL DATA ELEMENT G, LDG (RLIN)
a .b10392221
b 20-09-18
c 19-09-18
942 ## - ADDED ENTRY ELEMENTS (KOHA)
Koha item type Ordinary Loan Books
Call number prefix HD82
Call number suffix DEV
Holdings
Date last seen Total Checkouts Full call number Barcode Cost, replacement price Price effective from Koha item type Lost status Source of classification or shelving scheme Damaged status Not for loan Collection Withdrawn status Home library Current library Shelving location Date acquired Cost, normal purchase price
01/23/2023   HD82 DEV 92004045020 80.00 01/23/2023 BOOKS   LCC     NFIC   MAIN MAIN GEN 01/23/2023 80.00